000 00585nam a2200181Ia 4500
008 151202s9999||||xx |||||||||||||| ||und||
082 _bPNVM-24158
100 _aबागल माधव.
245 _aबहुजन समाजाचे शिल्पकार.
260 _b---
260 _c0
300 _a0
600 _aबागल माधव.
630 _aबहुजन समाजाचे शिल्पकार.
700 _aबागल माधव.
730 _aबहुजन समाजाचे शिल्पकार.
942 _cBOOK
999 _c1290132
_d1290129